| 000 | 02710nam a2200301Ia 4500 | ||
|---|---|---|---|
| 005 | 20220405152444.0 | ||
| 008 | 130821s1853 sp fr 1 spa | ||
| 040 |
_aSpMaBN _bspa _cSandra Yazo (modificó) _dSandra Yazo (modificó) |
||
| 041 | 0 | _aspa | |
| 082 | 0 | 4 |
_a340.5 _220 |
| 092 | _aE11N050 | ||
| 100 | 1 |
_aHevia Bolaños, Juan de _986491 |
|
| 245 | 1 | 0 |
_aCuria filípica. _bPrimero y segundo tomo. _cJuan de Hevia Bolaños |
| 260 |
_aGerona (España) _bLibrería de D. N. Grases _c1853 |
||
| 300 |
_a[4], 627 páginas _c26 x 18 cm |
||
| 500 | _aDetalles físicos (1853) Encuadernación rígida en cartón forrado en cuero. Tapas con repujados y lomo con adornos en dorado. Guardas en papel de agua, al verso de la delantera una anotación manuscrita de donación (Julian Restrepo Hernández, 20 de marzo de 1907). Portada impresa en una sola tinta con varios tipos de letra, adorno sencillo (abajo: D. Largacha 18--). Índice inicial. Texto impreso en dos columnas, notas al pie de página. Papel con manchas de oxidación. Deformación de plano. Cortes decorados. Tapas con raspaduras. | ||
| 500 | _aDetalles físicos (1753): Sin encuadernación original, actualmente encuadernación rígida (holandesa) en cartón forrado en cartón forrado en papel, lomo en cuero. Conserva las tapas de la encuadernación delantera, guardas. Portada impresa en dos tintas, con un grabado decorativo. Texto impreso en dos columnas con apostillas marginales, papel con deterioro por humedad, perforaciones de insectos, al final manchas de hongos. Ligera variación del título. Curia Philipica. Nueva impresión, Madrid (España) : Imprenta de Música de Don Eugenio Bieco, 1753. Paginación ([8], 512, [74] páginas), dimensiones: 31 x 21 cm. Donado por Neyla Faridy Jiménez Valencia, 6/06/2017. Ejemplar retirado por riesgo biológico el 9 de septiembre de 2019. | ||
| 505 | 0 | _aDe los juicios forenses eclesiasticos y seculares dividida en 5 partes: Juicio civil, juicio ejecutivo, del juicio criminal, residencia, segunda instancia. -- Comercio terrestre, naval ; Índice | |
| 506 | _aConsulta en sala | ||
| 546 | _aTexto en francés | ||
| 650 | 7 |
_97971 _aProcedimiento penal _zEspaña _ySiglo XIX |
|
| 650 | 7 |
_aDerecho civil _zEspaña _ySiglo XIX _912711 |
|
| 650 | 7 |
_aDerecho comercial _zEspaña _ySiglo XIX _912717 |
|
| 651 | 0 | 4 |
_aEspaña _xLegislación _967794 |
| 690 |
_aDerecho civil _912711 |
||
| 856 | 4 | 1 |
_zDisponible en línea edición de 1825 _uhttp://books.google.com/books?id=okk1f39q72oC&printsec=frontcover&dq=CURIA+FILIPICA+PRIMERO+Y+SEGUNDO+TOMO&hl=es&ei=5PIuTsveBY64sAOUsNAI&sa=X&oi=book_result&ct=result&resnum=2&ved=0CC0Q6AEwAQ#v=onepage&q&f=fa |
| 942 |
_cLIBRO _a8 _e1 _2LOCAL _hE11N050 |
||
| 999 |
_c74005 _d74005 |
||